| 000 | 00482nam a2200181Ia 4500 | ||
|---|---|---|---|
| 005 | 20250508162129.0 | ||
| 008 | 008 250505s9999 xx 000 0 eng d | ||
| 037 | _aTextual | ||
| 040 |
_aFEDL _beng _cFEDL |
||
| 041 |
_aeng _2eng |
||
| 084 |
_a550, MOO _qFEDL |
||
| 100 | _aMoore Patrick | ||
| 245 | 0 | _aTrue book about the earth | |
| 260 |
_aLondon, UK _bFrederick Muller Limited _c1956 |
||
| 300 | _a142p | ||
| 942 |
_cTEXL _h550, MOO |
||
| 999 |
_c1374565 _d1374565 |
||